Comparison efficacy of its and 18s rDNA primers for detection of fungal diversity in compost material by PCR-DGGE technique /

שמור ב:
מידע ביבליוגרפי
מחבר ראשי: Pham Ngoc Tu Anh.
מחברים אחרים: Dinh Hoang Dang Khoa., Le Thi Quynh Tram., Nguyen Thanh Minh., Pham Thi Thu Hang.
פורמט: Bài viết
שפה:Vietnamese
נושאים:
ITS
תגים: הוספת תג
אין תגיות, היה/י הראשונ/ה לתייג את הרשומה!
Thư viện lưu trữ: Thư viện Trường Đại học Đà Lạt
LEADER 01052nam a2200349 4500
001 DLU210195647
005 ##20210120
040 # # |a DLU  |b vie 
041 # # |a vie 
044 # # |a vn 
100 # # |a Pham Ngoc Tu Anh. 
245 # # |a Comparison efficacy of its and 18s rDNA primers for detection of fungal diversity in compost material by PCR-DGGE technique /  |c Pham Ngoc Tu Anh, ... [et al.]. 
653 # # |a 18S rDNA 
653 # # |a Compost 
653 # # |a Fungal communities 
653 # # |a ITS 
653 # # |a PCR-DGGE 
653 # # |a Primer evaluation 
700 # # |a Dinh Hoang Dang Khoa. 
700 # # |a Le Thi Quynh Tram. 
700 # # |a Nguyen Thanh Minh. 
700 # # |a Pham Thi Thu Hang. 
773 # # |t Tạp chí Công nghệ Sinh học  |g Số 15(4), 2017, tr. 729-735 
920 # # |a Phòng Tạp chí -- Trung tâm Thông tin - Thư viện Trường Đại học Đà Lạt 
994 # # |a DLU 
900 # # |a True 
911 # # |a Hoàng Thị Huyền 
925 # # |a G 
926 # # |a A 
927 # # |a BB 
980 # # |a Thư viện Trường Đại học Đà Lạt